00625nam a22001817a 4500008004100000020001800041040005500059245004600114260003900160300001500199500001600214650001800230653001300248700002400261942001200285999001700297952012900314230808b |||||||| |||| 00| 0 eng d a0-12-014905-2 aNational Science LibrarycNational Science Library aAdvances in energy systems and technology aNew York: bAcademic Press, c1986 avii, 318p. aVol. 5 1986 aEnergy system aKinetics aAuer, Peter L (Ed.) 2udccBK c58298d58298 00102udc40709111165aNSLbNSLcFF/Rk-2/C-12/R-5d1986-07-08hVol. 5 1986l0p107860r2023-08-08 00:00:00w1986-07-08yBK